|
|
|
|
| LEADER |
01001nab#a2200301#ar4500 |
| 001 |
000043500 |
| 003 |
SVKKK |
| 005 |
20030721090242.0 |
| 008 |
030721c xo e sloo |
| FMT |
|
|
|
| 038 |
|
|
|a SVKKK
|
| 040 |
|
|
|a SVKKK
|b slo
|e AACR2
|
| 041 |
0 |
|
|a slo
|
| 044 |
|
|
|a xo
|c SK
|
| 080 |
|
|
|a 551.57
|2 1981
|
| 100 |
1 |
|
|a Nagyová, Mariana
|4 aut
|
| 245 |
1 |
0 |
|a Veterná smršť strhávala strechy a búrala obydlia :
|b Dom Bužovcov v Hlinnom, ktorý stál takmer 40 rokov neďaleko potoka, sa sčasti zrútil. Ľudia v postihnutých obciach si mysleli, že nastal koniec sveta
|c Nagyová Mariana, , Hricová Ľuba
|
| 300 |
|
|
|b Fotogr. 1
|
| 650 |
0 |
4 |
|a smršť veterná
|z Vranov nad Topľou (okres)
|x 6.8.1999
|x škody
|x reportáže
|
| 700 |
1 |
|
|a Hricová, Ľuba
|4 aut
|
| 773 |
0 |
|
|t Košický denník
|g Roč. 1, č. 106(1999), dát. 0810, s. 5
|
| 957 |
|
|
|a Vranov nad Topľou (okres)
|
| 958 |
|
|
|a VT
|
| 974 |
|
|
|d 991116
|a Čr
|
| 992 |
|
|
|a RBX
|
| BAS |
|
|
|
| 852 |
|
|
|a SVKKK
|b BIB
|
| 998 |
|
|
|a REG
|